Country per Fourth Letter Quiz Stats

 Plays Quiz Updated Jul 2, 2018

Challenge
Share
Tweet
Embed
Score 0/22 Timer 05:00
0 Plays Today
4th Letter Country % Correct
TBhutan, Haiti, Malta,...
97.6%
IEthiopia, Fiji, Mexico, ...
96.8%
NFrance, Iran , China, ...
96.3%
EArgentina, Greece, Uzbekistan, ...
92.6%
LChile, Italy, Philippines, ...
92.3%
ZBrazil, New Zealand, Tanzania, ...
87.2%
DChad, Jordan, Sweden, ...
86.5%
OColombia, Samoa, Togo, ...
85.4%
GBelgium, Kyrgyzstan, Uruguay, ...
85.2%
SBotswana, Laos, Russia, ...
82.7%
MDenmark, Germany, San Marino
76.4%
4th Letter Country % Correct
BCambodia, Serbia, Zimbabwe, ...
73.5%
UBurundi, Papua New Guinea, Peru, ...
69.1%
HAfghanistan, Lithuania, Netherlands
65.8%
QIraq
63.1%
RCyprus, Georgia, Nauru, ...
62.4%
KBurkina Faso, Turkey, Turkmenistan
61.2%
WNorway, Taiwan
60.6%
VLatvia, Slovakia, Slovenia
50.8%
CCzechia, Liechtenstein, Seychelles
50.4%
PEgypt
49.5%
YKenya, Libya
48.2%

You're not logged in!

Compare scores with friends on all Sporcle quizzes.
Join for Free
OR
Log In

You Might Also Like...

Show Comments

Extras

Top Quizzes Today


Score Distribution

Your Account Isn't Verified!

In order to create a playlist on Sporcle, you need to verify the email address you used during registration. Go to your Sporcle Settings to finish the process.

Report this User

Report this user for behavior that violates our Community Guidelines.

Details: